000 00607nam a2200241Ia 4500
005 20250425162012.0
008 250425s9999 xx 000 0 und d
020 _a9688871354
041 _aspa
082 _a668.4
100 _aMINK, WALTER
245 0 _aEL PLASTICO EN LA INDUSTRIA: INYECCION DE PLASTICOS
250 _a1A ED.
260 _aMEXICO
260 _aMéxico
_bGUSTAVO GILI
_c1990
300 _a224
650 _aINYECCION DE PLASTICOS
650 _aMAQUINAS DE INYECCION
650 _aMATERIALES TERMOPLASTICOS
650 _aPLASTIFICACION
942 _c01
010 _a39505
999 _c220410
_d220410